000
00275nam a2200121Ia 4500
005
20251222152721.0
008
251222s9999||||xx |||||||||||||| ||spa||
082
_a
612/G97
100
_a
Guyton
245
0
_a
Tratado de Fisiología Médica
250
_a
5ta.ed.
942
_c
LIB
999
_c
29577
_d
29577